El sacerdote y las vocaciones religiosas femeninas / (Record no. 136347)

MARC details
000 -LEADER
campo de control de longitud fija 00635nam a2200205 i 4500
001 - NÚMERO DE CONTROL
campo de control 136347
003 - IDENTIFICADOR DE NÚMERO DE CONTROL
campo de control ES-MaACL
005 - FECHA Y HORA DE LA ÚLTIMA TRANSACCIÓN
campo de control 20230906195110.0
007 - CAMPO FIJO DE DESCRIPCIÓN FÍSICA--INFORMACIÓN GENERAL
campo de control de longitud fija t|
008 - DATOS DE LONGITUD FIJA--INFORMACIÓN GENERAL
campo de control de longitud fija 070214s1968 sp r ||||1| spa d
245 03 - MENCIÓN DEL TÍTULO
Título El sacerdote y las vocaciones religiosas femeninas /
Mención de responsabilidad, etc. traducción de Ricardo Sanchis.
260 ## - PUBLICACIÓN, DISTRIBUCIÓN, ETC.
Lugar de publicación, distribución, etc. Madrid :
Nombre del editor, distribuidor, etc. Razón y Fé,
Fecha de publicación, distribución, etc. 1968.
300 ## - DESCRIPCIÓN FÍSICA
Extensión 262 p. ;
Dimensiones 17 cm.
490 1# - MENCIÓN DE SERIE
Mención de serie Biblioteca de Espiritualidad
650 04 - PUNTO DE ACCESO ADICIONAL DE MATERIA--TÉRMINO DE MATERIA
Término de materia o nombre geográfico como elemento de entrada Vocación religiosa.
9 (RLIN) 17844
700 0# - ENTRADA AGREGADA--NOMBRE PERSONAL
Nombre de persona Sanchís, Ricardo.
9 (RLIN) 103007
830 0# - PUNTO DE ACCESO ADICIONAL DE SERIE-TÍTULO UNIFORME
Título uniforme Biblioteca de Espiritualidad
9 (RLIN) 181642
852 ## - LOCALIZACIÓN
Ubicación ES-MaACL
Número de control de estantería C-36847
Sublocalización o colección R.67646
Holdings
Estatus retirado Estado de pérdida Estado de daño No para préstamo Biblioteca de origen Biblioteca actual Ubicación en estantería Fecha de adquisición Fuente de adquisición Total de préstamos Signatura topográfica completa Código de barras Visto por última vez Precio de reemplazo Tipo de ítem Koha
        Biblioteca del Ateneo de Madrid Biblioteca del Ateneo de Madrid Depósito 2 17/01/2008     C-36847 1141902 23/02/2023 23/02/2023 Libro impreso